000
00298nam a22001457a 4500
008
210323b ||||| |||| 00| 0 eng d
020
_a
9780714865270
041
_a
eng
080
_a
7
082
_a
7
100
_a
44
101
_a
ART
245
_a
Philip Treacy
_c
Davies,K
942
_2
udc
_c
BK
999
_c
56686
_d
56686